000 00930nam a22002057a 4500
005 20251029135424.0
008 s2517 th tha d
040 _aNALT
041 _atha
050 _aDS 575.5
_bม6อ7 2517
100 0 _aอุดม เชยกีวงศ์
_912663
245 1 0 _aระเบิดเวลาของไทย - มาเลเซีย /
_cอุดม เชยกีวงศ์.
260 _aกรุงเทพฯ :
_bบรรณกิจเทรดดิ้ง,
_c2517.
300 _a203 หน้า
651 4 _911258
_aไทย
_xความสัมพันธ์กับต่างประเทศ
_zมาเลเซีย
651 4 _912787
_aมาเลเซีย
_xความสัมพันธ์กับต่างประเทศ
_zไทย
850 _aNALT
856 4 0 _uhttps://hdl.handle.net/20.500.14156/371974
942 _cRRB
_2lcc
999 _c1636
_d1636
998 _j4612
_k นางสาววัลยา พุ่มต้นวงค์